|
|
|
|
| LEADER |
02334nam a2200361 a 4500 |
| 001 |
37284 |
| 003 |
BD-DhAAL |
| 005 |
20251108205938.0 |
| 008 |
210121t2019 CAUad||| |||| 001 0 eng d |
| 020 |
|
|
|a 9789352138678
|
| 020 |
|
|
|a 9781492039686
|
| 040 |
|
|
|a BD-DhAAL
|c BD-DhAAL
|
| 082 |
|
|
|a 006.3843
|2 23
|
| 100 |
|
|
|a Johnson, Eric R.
|9 40734
|
| 245 |
|
|
|a Programming quantum computers :
|b essential algorithms and code samples /
|c Eric R. Johnson, Nic Harrigan and Mercedes Gimeno-Segovia.
|
| 250 |
|
|
|a First edition.
|
| 260 |
|
|
|a Sebastopal, CA :
|b O'Reilly Media, Incorporated,
|c c2019.
|
| 300 |
|
|
|a xiii, 315 pages :
|b illustrations (some color) ;
|c 24 cm.
|
| 504 |
|
|
|a Includes bibliographical references and index.
|
| 526 |
|
|
|a CSE
|
| 541 |
|
|
|a Hye Trade International
|e 37284, 37285, 37286, 37287, 37288
|
| 650 |
|
|
|a Quantum computing.
|9 40735
|
| 650 |
|
|
|a Computer science.
|9 42578
|
| 700 |
|
|
|a Harrigan, Nic.
|9 40736
|
| 700 |
|
|
|a Gimeno-Segovia, Mercedes.
|9 40737
|
| 852 |
|
|
|a Ayesha Abed Library
|c General Stacks
|
| 942 |
|
|
|2 ddc
|c BK
|
| 999 |
|
|
|c 41961
|d 41961
|
| 952 |
|
|
|0 0
|1 0
|2 ddc
|4 0
|6 006_384300000000000_JOH
|7 0
|9 69209
|a BRACUL
|b BRACUL
|c GEN
|d 2020-12-09
|e Hye Trade International
|g 1588.00
|l 3
|m 28
|o 006.3843 JOH
|p 3010037284
|r 2025-10-30
|s 2025-04-27
|t 1
|v 1588.00
|w 2020-12-09
|y BK
|x Received during COVID-19 pandemic
|
| 952 |
|
|
|0 0
|1 0
|2 ddc
|4 0
|6 006_384300000000000_JOH
|7 0
|9 69210
|a BRACUL
|b BRACUL
|c GEN
|d 2020-12-09
|e Hye Trade International
|g 1588.00
|l 4
|m 8
|o 006.3843 JOH
|p 3010037288
|r 2025-05-06
|s 2025-02-20
|t 5
|v 1588.00
|w 2020-12-09
|y BK
|x Received during COVID-19 pandemic
|
| 952 |
|
|
|0 0
|1 0
|2 ddc
|4 0
|6 006_384300000000000_JOH
|7 0
|9 69211
|a BRACUL
|b BRACUL
|c GEN
|d 2020-12-09
|e Hye Trade International
|g 1588.00
|l 3
|m 34
|o 006.3843 JOH
|p 3010037285
|r 2025-10-14
|s 2025-06-25
|t 2
|v 1588.00
|w 2020-12-09
|y BK
|x Received during COVID-19 pandemic
|
| 952 |
|
|
|0 0
|1 0
|2 ddc
|4 0
|6 006_384300000000000_JOH
|7 0
|9 69212
|a BRACUL
|b BRACUL
|c GEN
|d 2020-12-09
|e Hye Trade International
|g 1588.00
|l 4
|m 48
|o 006.3843 JOH
|p 3010037286
|r 2025-11-20
|s 2025-04-24
|t 3
|v 1588.00
|w 2020-12-09
|y BK
|x Received during COVID-19 pandemic
|
| 952 |
|
|
|0 0
|1 0
|2 ddc
|4 0
|6 006_384300000000000_JOH
|7 0
|9 69213
|a BRACUL
|b BRACUL
|c GEN
|d 2020-12-09
|e Hye Trade International
|g 1588.00
|l 5
|m 45
|o 006.3843 JOH
|p 3010037287
|q 2026-06-02
|r 2026-04-26
|s 2026-04-26
|t 4
|v 1588.00
|w 2020-12-09
|y BK
|x Received during COVID-19 pandemic
|